Česká mluvnice /

Main Author: Mikeš, František Otakar, 1836-1883
Language: Czech
Published: V Praze : [s.n.], 1867
Physical Description: 1 sv.
Book
Saved in:
LEADER 00830nam a2200229 a 4500
001 000683252
003 CZ BrMZK
005 20030821140651.0
007 ta
008 030821s1867 xr f cze d
040 |a BOA001  |b cze  |c BOA001 
100 1 |a Mikeš, František Otakar,  |d 1836-1883  |7 jk01081527  |4 aut 
245 1 0 |a Česká mluvnice /  |c František Otakar Mikeš 
260 |a V Praze :  |b [s.n.],  |c 1867 
300 |a 1 sv. 
910 |a BOA001  |b 1-0021.112 
964 |a Bohemika - stol. 19. 
990 |a BK 
993 |a Y 
996 6 |b 2619460638  |c 1-0021.112  |l MZK  |r Sklad / do 1 hodiny  |n 0  |w 000683252  |u 000030  |a 1  |e BOA001  |j MZK50  |s P 
996 6 |b 2619460639  |c 1-0021.112  |l MZK  |r Sklad / do 1 hodiny  |n 0  |w 000683252  |u 000020  |a 1  |e BOA001  |j MZK50  |s P 
996 6 |b 2619460640  |c 1-0021.112  |l MZK  |r Sklad / do 1 hodiny  |n 0  |w 000683252  |u 000010  |a 1  |e BOA001  |j MZK50  |s P